000 01230cam a2200169 4500500
005 20260208010727.0
041 _afre
042 _adc
100 1 0 _aVaysse, Jean-Marie
_eauthor
245 0 0 _aPhilosopher au Japon aujourd'hui
260 _c2011.
500 _a80
520 _aRésuméCette revue critique marque un contraste entre deux ouvrages récents sur les concepts : une approche psychologique cohérente qui met l’accent sur le développement des concepts et une approche philosophique superficielle qui se veut « contextualiste » et débouche sur l’affirmation que tous les concepts sont vagues et indéterminés.
520 _aThe Emperor’s new conceptsA critical review of two recent books on concepts. A contrast is made between a powerful psychological approach, which emphasises the developmental profile of concepts, and a shallow philosophical approach which calls itself « contextualist » and implausibly leads to the claim that all concepts are vague or indeterminate.
786 0 _nRevue philosophique de la France et de l'étranger | 136 | 3 | 2011-08-29 | p. 307-308 | 0035-3833
856 4 1 _uhttps://shs.cairn.info/revue-philosophique-2011-3-page-307?lang=fr&redirect-ssocas=7080
999 _c1657930
_d1657930